| 000 | 00661nam1a22002291i 4500 | ||
|---|---|---|---|
| 001 | v19\rc\1827662 | ||
| 005 | 20240726070441.0 | ||
| 035 | _a(NLR Aleph) 004924057 | ||
| 090 |
_a5609058 _c5609058 |
||
| 100 | _a20071224d1908 |||y0rusy50 ca | ||
| 101 | 0 | _arus | |
| 102 | _aRU | ||
| 105 | _ay z ||||| | ||
| 200 | 1 | _aЖурналы Ахтырской городской думы с приложениями к ним ... | |
| 210 |
_aАхтырка _d1908 |
||
| 215 | _d21 | ||
| 710 | 0 | 2 | _aАхтырская гор. дума |
| 801 | 0 |
_aRU _bNLR _gpsbo |
|
| 801 | 0 |
_aRU _bRuMoRGB _2psbo |
|
| 801 | 1 |
_aRU _bProSoft-M _2rusmarc |
|
| 852 |
_aNLR _j71-5/7496 |
||
| 942 | _cBOOK | ||